Παιδικοί παλμοί : ποιητική συλλογή για τα παιδιά και για όσους ασχολούνται μ'αυτά
Αποθηκεύτηκε σε:
| Κύριος συγγραφέας: | |
|---|---|
| Άλλοι συγγραφείς: | |
| Μορφή: | Βιβλίο |
| Γλώσσα: | Greek |
| Δημοσίευση: |
Λευκωσία :
[χ.ό.],
1988
|
| Θέματα: | |
| Ετικέτες: |
Προσθήκη ετικέτας
Δεν υπάρχουν, Καταχωρήστε ετικέτα πρώτοι!
|
MARC
| LEADER | 00000nam a2200000 i 4500 | ||
|---|---|---|---|
| 001 | 1/80692 | ||
| 008 | 970227s1988 gre d | ||
| 035 | |a 1993 |b 1 |c Δωρεά |l 10033509 | ||
| 040 | |a GR-MY-UA |b gre |e aacr | ||
| 041 | 0 | |a gre | |
| 082 | 0 | |a 808.068 | |
| 100 | 1 | |a Μιντή-Αλέκου, Ελένη. | |
| 245 | 1 | 0 | |a Παιδικοί παλμοί : |b ποιητική συλλογή για τα παιδιά και για όσους ασχολούνται μ'αυτά / |c Ελένης Μιντή-Αλέκου ; εικονογράφηση Κούλα Νίρου |
| 260 | |a Λευκωσία : |b [χ.ό.], |c 1988 | ||
| 300 | |a 126 σ. | ||
| 650 | 0 | 0 | |a Children's literature. |
| 650 | 0 | 0 | |a Illustrated children's books. |
| 700 | 1 | |a Νίρου, Κούλα. |4 ill | |
| 852 | |a INST |b RHODES |e 19970227 |h 808.068 ΜΙΝ |p 005400000268 |q 005400000268 |t BK |y 0 | ||
| 909 | |a Ρ |b 024655 |c 1993 | ||
| 970 | |z 2000/08/ΔΕΜΕΝΑΓΑΣ ΠΕΤΡΟΣ | ||